<?xml version="1.0" encoding="UTF-8"?>
<marc:record xmlns:marc="http://www.loc.gov/MARC21/slim">
   <marc:leader>00000nam a2200000 a 4500</marc:leader>
   <marc:datafield ind1="1" ind2=" " tag="100">
      <marc:subfield code="a">Scanlon, Dan</marc:subfield>
   </marc:datafield>
   <marc:datafield ind1="0" ind2="0" tag="245">
      <marc:subfield code="a">Onward [Bildtonträger]</marc:subfield>
   </marc:datafield>
   <marc:datafield ind1="0" ind2="0" tag="245">
      <marc:subfield code="b">keine halben Sachen</marc:subfield>
   </marc:datafield>
   <marc:datafield ind1="0" ind2="0" tag="245">
      <marc:subfield code="c">Regie: Dan Scanlon</marc:subfield>
   </marc:datafield>
   <marc:datafield ind1=" " ind2="1" tag="264">
      <marc:subfield code="b">Pixar</marc:subfield>
      <marc:subfield code="c">2021</marc:subfield>
   </marc:datafield>
   <marc:datafield ind1="1" ind2=" " tag="520">
      <marc:subfield code="a">Die zwei Elfen-Brüder Ian (Stimme im Original: Tom Holland) und Barley Lightfoot (Chris Pratt) im Teenager-Alter wollen nicht glauben, dass es in der Welt keine Magie mehr gibt. Doch dann überreicht ihnen ihre Mutter Laurel (Julia Louis-Dreyfus / Annette Frier) ein Geschenk des toten Vaters, welches sie nun, wo sie beide älter als 16 Jahre sind, endlich öffnen dürfen. Darin findet sich ein Stock &#x96; ein Zauberstab? Ja, und dieser kann sogar ihren toten Vater zurückbringen. Allerdings kommt es bei der Prozedur zu Problemen, sodass sie ihn nur zur Hälfte herbeizaubern. Und die Zeit drängt, wenn sie es irgendwie schaffen wollen, dass auch Körper und Kopf ihren Weg zurück in ihre Welt finden...</marc:subfield>
   </marc:datafield>
   <marc:datafield ind1=" " ind2=" " tag="020">
      <marc:subfield code="a">8717418567491</marc:subfield>
      <marc:subfield code="9">8717418567491</marc:subfield>
   </marc:datafield>
   <marc:datafield ind1=" " ind2=" " tag="500">
      <marc:subfield code="a">Orig.: USA  2020. Sprache: Deutsch (Dolby Digital 5.1), Englisch (Dolby Digital 5.1), Tschechisch (Dolby Digital 5.1), Slowakisch (Dolby Digital 5.1). Untertitel:  Deutsch, Englisch (für Hörgeschädigte), Slowakisch, Tschechisch</marc:subfield>
   </marc:datafield>
   <marc:datafield ind1="0" ind2=" " tag="490">
      <marc:subfield code="v">0</marc:subfield>
   </marc:datafield>
   <marc:datafield ind1=" " ind2=" " tag="300">
      <marc:subfield code="a">1 DVD (98 Min.) : farbig</marc:subfield>
   </marc:datafield>
</marc:record>
